000 00707nam a2200289Ia 4500
005 20260324130423.0
008 008 260324s9999 xx 000 0 eng d
020 _a9780429235375
037 _aEBOOK
040 _aCRL
040 _beng
040 _cCRL
041 _2eng
041 _aeng
084 _qCRL
100 _aGeoffrey Miller; Glenn Geher
_91181706
245 0 _aMating Intelligence
245 0 _bSex, Relationships, and the Mind's Reproductive System
260 _bTaylor and Francis
260 _c2007
365 _a
365 _b255
856 _uhttp://www.taylorfrancis.com/books/9780429235375
942 _cEBOOK
999 _c1777875
_d1777875